000 00685nam a2200217 i 4500
001 122065
003 ES-MaACL
005 20260525062932.0
007 t|
008 070214s1982 sp r ||||1| spa d
245 0 0 _aPoemas arábigoandaluces /
_c[recopilación y transcripción de] Emilio García Gómez.
250 _a7ª ed.
260 _aMadrid :
_bEspasa-Calpe,
_c1982.
300 _a147 p. ;
_c18 cm.
490 1 _aColección austral ;
_v162
650 4 _aPoesías árabes-
_zAl-Andalus.
_9152061
700 1 _aGarcía Gómez, Emilio,
_d1905-1995
_954690
830 0 _aColección austral
_v162
_9177655
852 _aES-MaACL
_jL-2404
_bR.103182
999 _c122065
_d122065